| Tag |
First Indicator |
Second Indicator |
Subfields |
| LEADER |
00000cam a2200000 4500 |
| 001 |
in00000077339 |
| 005 |
20151008052726.0 |
| 008 |
720204s1966 nyu b 00000 eng u |
| 010 |
|
|
|a 66022071
|
| 035 |
|
|
|a (OCoLC)00233776
|
| 035 |
|
|
|9 AAH4633AM
|
| 040 |
|
|
|c WSU
|d TXA
|d UtOrBLW
|
| 049 |
|
|
|a TXAM
|c [466104]
|
| 050 |
|
0 |
|a HD8072
|b .H22
|
| 092 |
|
|
|a 331.0973
|b H114
|
| 100 |
1 |
|
|a Haber, William,
|d 1899-1988.
|
| 245 |
1 |
0 |
|a Labor in a changing America.
|
| 264 |
|
1 |
|a New York :
|b Basic Books,
|c [1966]
|
| 300 |
|
|
|a 341 pages
|
| 336 |
|
|
|a text
|b txt
|2 rdacontent
|
| 337 |
|
|
|a unmediated
|b n
|2 rdamedia
|
| 338 |
|
|
|a volume
|b nc
|2 rdacarrier
|
| 504 |
|
|
|a Bibliographical footnotes.
|
| 650 |
|
0 |
|a Working class
|z United States
|y 1914-
|
| 651 |
|
0 |
|a United States
|x Economic conditions
|y 1945-
|
| 650 |
|
0 |
|a Labor movement
|z United States
|y 1914-
|
| 650 |
|
0 |
|a Labor
|z United States
|y 1914-
|
| 999 |
|
|
|a MARS
|
| 999 |
f |
f |
|s 3e0a1cde-be10-3db2-a624-0f1cc507a374
|i db36dab9-f8e5-381d-ac8a-4a7c5700b5a7
|t 0
|
| 952 |
f |
f |
|p ric
|a Texas A&M University
|b Rellis Campus
|c Joint Library Facility
|d Remote Storage
|t 0
|e HD8072 .H22
|h Library of Congress classification
|i unmediated -- volume
|m A14800713333
|
| 998 |
f |
f |
|a HD8072 .H22
|t 0
|l Remote Storage
|